00405 a2200133 4500003000500000005001700005040000900022082001100031245004200042440004200084538002200126999001900148952010400167Nust20170207154233.0 cNust a371.33 aBasic Electricity Part 1-15 (VHS-584) aBasic Electricity Part 1-15 (VHS-584) aDuration 122-Mins c196014d196014 00102ddc40708NFICaMCSbMCSd2016-12-12l0o371.33 BASpMCSVHS-584r2016-12-08w2016-12-12yBK